[Event "Transcontinental Printanier C"]
[Site "Montreal"]
[Date "2017.03.31"]
[Round "1"]
[White "Bedard, Michel"]
[Black "Hebert, Mario"]
[Result "1-0"]
[WhiteElo "1633"]
[BlackElo "1568"]
[EventDate "2017.03.31"]

1.f4 d5 2.Nf3 g6 3.e3 Bg7 4.Be2 Nf6 5.O-O O-O 6.Ne5 c5 7.d3 Nc6 8.c3 d4 9.
Nxc6 bxc6 10.cxd4 cxd4 11.e4 e6 12.Nd2 Qc7 13.Nc4 Ne8 14.Bd2 Nd6 15.Ba5 
Qb8 16.b3 Nxc4 17.bxc4 Qb2 18.a3 c5 19.Bc7 Bd7 20.Bd6 Rfc8 21.e5 a5 22.Rf2
Ba4 23.Qe1 Ra7 24.Bf3 Qc3 25.Qb1 Bf8 26.Bxf8 Kxf8 27.Raa2 Bb3 28.Rab2 a4 
29.Rf1 Qa5 30.Bd1 Bxd1 31.Rxd1 Qd8 32.Rb5 Raa8 33.Qc2 Qc7 34.Rdb1 Rcb8 35.
Qb2 Rxb5 36.Qxb5 Ke7 37.Kf2 Kd8 38.Kf3 h6 39.g4 Rc8 40.Qxa4 Qc6+ 41.Qxc6 
Rxc6 42.Ke2 Kc7 43.Kd2 Rb6 44.Rb5 Kc6 45.a4 Ra6 46.a5 Ra8 47.Kc2 Ra7 48.
Kb3 Ra6 49.Ka4 Ra7 50.Rb6+ Kc7 51.Kb5 Ra8 52.a6 Ra7 53.Rc6+ Kb8 54.Rxc5 
Rc7 55.Kb6 Rxc5 56.Kxc5 Ka7 57.Kd6 Kxa6 58.Ke7 h5 59.Kxf7 1-0

[Event "Transcontinental Printanier C"]
[Site "Montreal"]
[Date "2017.03.31"]
[Round "1"]
[White "Gil Bernado, Jose"]
[Black "Tsukerman, Julia"]
[Result "1-0"]
[WhiteElo "1572"]
[BlackElo "1545"]
[EventDate "2017.03.31"]

1.d4 Nf6 2.Nf3 g6 3.Bg5 Bg7 4.e3 O-O 5.Bd3 d6 6.O-O c5 7.c3 Nc6 8.Nbd2 a6 
9.Rc1 b5 10.Re1 h6 11.Bh4 c4 12.Bb1 d5 13.h3 Bf5 14.e4 dxe4 15.Nxe4 Nxe4 
16.Bxe4 Bxe4 17.Rxe4 Qd5 18.Qe2 g5 19.Bg3 f5 20.Re6 f4 21.Bh2 a5 22.Re1 
Rac8 23.Qe4 Rf5 24.Qxd5 Rxd5 25.g3 fxg3 26.Bxg3 Kf7 27.R6e4 Bf6 28.Ne5+ 
Nxe5 29.Bxe5 Bxe5 30.Rxe5 Rxe5 31.Rxe5 Rb8 32.Rc5 a4 33.a3 Rb6 34.Kg2 e6 
35.Kf3 Kg6 36.Ke4 Kf6 37.f4 gxf4 38.Kxf4 Rb7 39.Rc6 Rd7 40.h4 h5 41.Ke4 
Rd5 42.Rc5 Rf5 43.Rxf5+ exf5+ 44.Kf4 1-0

[Event "Transcontinental Printanier C"]
[Site "Montreal"]
[Date "2017.04.01"]
[Round "2"]
[White "Fournier, Martin"]
[Black "Gil Bernado, Jose"]
[Result "0-1"]
[WhiteElo "1572"]
[BlackElo "1547"]
[EventDate "2017.03.31"]

1.e4 e6 2.d4 d5 3.Nd2 Nf6 4.e5 Nfd7 5.Nb3 c5 6.Nf3 Qb6 7.c3 Nc6 8.Be2 cxd4
9.cxd4 Be7 10.O-O O-O 11.Kh1 f6 12.exf6 Nxf6 13.Ne5 Nxe5 14.dxe5 Ne4 15.
Be3 Nxf2+ 16.Bxf2 Rxf2 17.Rc1 Rxf1+ 18.Qxf1 Bd7 19.Rc3 Rf8 20.Rf3 Rxf3 21.
Qxf3 a5 22.Qc3 a4 23.Nd4 Bb4 24.Qd3 Bc5 25.Nb5 Bxb5 26.Qxb5 Qxb5 27.Bxb5 
Bd4 28.Bxa4 Bxb2 29.Bd7 Kf7 30.Bc8 b6 0-1

[Event "Transcontinental Printanier C"]
[Site "Montreal"]
[Date "2017.04.01"]
[Round "2"]
[White "Hebert, Mario"]
[Black "Tsukerman, Julia"]
[Result "1-0"]
[WhiteElo "1568"]
[BlackElo "1545"]
[EventDate "2017.03.31"]

1.c4 Nf6 2.Nc3 g6 3.e4 d6 4.d4 Bg7 5.Nf3 O-O 6.Be2 e5 7.dxe5 dxe5 8.Qc2 
Nc6 9.Be3 Nd4 10.Bxd4 exd4 11.Rd1 c5 12.O-O Re8 13.e5 Ng4 14.Ne4 Bf5 15.
Bd3 Nxe5 16.Nxe5 Rxe5 17.f4 Bxe4 18.fxe5 Bxd3 19.Rxd3 Bxe5 20.Rdf3 f5 21.
Re1 Qd6 22.Rh3 Rd8 23.Qd3 Re8 24.Rd1 Qc6 25.Qd2 a6 26.Qh6 Re7 27.Qg5 Qd6 
28.Rf1 Qf6 29.Qd2 Qd6 30.Qd3 Bf4 31.b3 Be3+ 32.Kh1 Qe5 33.Rhf3 Qe4 34.Rd1 
g5 35.Rxf5 Qxd3 36.Rxd3 Bf4 37.g3 Re5 38.Rxe5 Bxe5 39.Kg2 g4 40.Rd1 Kf7 
41.Rf1+ Ke7 42.Rf5 Ke6 43.Rh5 d3 44.Kf1 Bd4 45.Rxh7 Kf5 46.Ke1 Bc3+ 47.Kd1
Ke4 48.Rf7 d2 49.Rf4+ Kd3 50.Rxg4 Ba1 51.h4 Kc3 52.Rg7 b5 53.cxb5 axb5 54.
Rd7 c4 55.bxc4 bxc4 56.Rxd2 1-0

[Event "Transcontinental Printanier C"]
[Site "Montreal"]
[Date "2017.04.01"]
[Round "2"]
[White "Bedard, Michel"]
[Black "Yergeau, Simon"]
[Result "1-0"]
[WhiteElo "1633"]
[BlackElo "1615"]
[EventDate "2017.03.31"]

1.f4 d5 2.Nf3 Nf6 3.e3 Bg4 4.Be2 e6 5.b3 Bd6 6.Bb2 c6 7.O-O Nbd7 8.d3 Bxf3
9.Bxf3 Qb6 10.Qe2 Bxf4 11.Bd4 Bxh2+ 12.Kxh2 Qc7+ 13.Kg1 O-O-O 14.e4 h5 15.
Kf2 dxe4 16.Bxe4 Ng4+ 17.Ke1 Nde5 18.Bf2 Nxf2 19.Qxf2 Rd7 20.Qxa7 Ng4 21.
Qa8+ Qb8 22.Qxb8+ Kxb8 23.Ke2 Kc7 24.Nd2 Ra8 25.a4 Rad8 26.Nc4 g6 27.Bf3 
Nh2 28.Rh1 Nxf3 29.gxf3 Rd5 30.f4 Rd4 31.Ke3 R4d7 32.Ne5 Re7 33.d4 Rg8 34.
Rag1 Rd8 35.b4 Ra8 36.a5 Ra6 37.Ra1 Ra8 38.c4 Kd6 39.Kd3 Ra7 40.c5+ Kc7 
41.Nc4 Ra6 42.Nb6 Re8 43.Ke4 Kd8 44.Nc4 Ke7 45.Rhb1 Kf6 46.b5 cxb5 47.Rxb5
Ra7 48.Rab1 Re7 49.Nd6 h4 50.Nc8 1-0

[Event "Transcontinental Printanier C"]
[Site "Montreal"]
[Date "2017.04.01"]
[Round "3"]
[White "Yergeau, Simon"]
[Black "Hebert, Mario"]
[Result "1/2-1/2"]
[WhiteElo "1615"]
[BlackElo "1568"]
[EventDate "2017.03.31"]

1.d4 Nf6 2.c4 e6 3.Nf3 d5 4.cxd5 exd5 5.Bg5 Bd6 6.e3 O-O 7.Nc3 c6 8.Bd3 h6
9.Bh4 Bg4 10.Qc2 Nbd7 11.Nd2 Qc7 12.Bg3 g6 13.Bxd6 Qxd6 14.O-O c5 15.dxc5 
Nxc5 16.Bf5 d4 17.exd4 Qxd4 18.Bxg4 Qxg4 19.h3 Qh5 20.Nde4 1/2-1/2

[Event "Transcontinental Printanier C"]
[Site "Montreal"]
[Date "2017.04.01"]
[Round "3"]
[White "Gil Bernado, Jose"]
[Black "Bedard, Michel"]
[Result "1/2-1/2"]
[WhiteElo "1572"]
[BlackElo "1633"]
[EventDate "2017.03.31"]

1.d4 d5 2.Nf3 Nf6 3.Bg5 Bf5 4.Nbd2 e6 5.e3 Be7 6.Be2 h6 7.Bh4 Nbd7 8.h3 c5
9.c3 c4 10.O-O O-O 11.Ne5 Nxe5 12.dxe5 Nd7 13.Bxe7 Qxe7 14.f4 Nc5 15.Nf3 
Bd3 16.Bxd3 Nxd3 17.Qd2 Qc7 18.Ne1 Nxe1 19.Raxe1 Rad8 1/2-1/2

[Event "Transcontinental Printanier C"]
[Site "Montreal"]
[Date "2017.04.01"]
[Round "3"]
[White "Tsukerman, Julia"]
[Black "Fournier, Martin"]
[Result "1-0"]
[WhiteElo "1545"]
[BlackElo "1547"]
[EventDate "2017.03.31"]

1.e4 c5 2.Nf3 d6 3.d4 cxd4 4.Nxd4 Nf6 5.Nc3 a6 6.Be3 e5 7.Nb3 Be6 8.f3 Be7
9.Qd2 O-O 10.O-O-O Qc7 11.g4 b5 12.h4 Nbd7 13.h5 Nb6 14.g5 Nfd7 15.Nd5 
Bxd5 16.exd5 Nc4 17.Bxc4 bxc4 18.Na5 Nb8 19.Qc3 Rc8 20.Rh4 Bd8 21.Rxc4 
Qxa5 1-0

[Event "Transcontinental Printanier C"]
[Site "Montreal"]
[Date "2017.04.02"]
[Round "4"]
[White "Hebert, Mario"]
[Black "Fournier, Martin"]
[Result "1-0"]
[WhiteElo "1568"]
[BlackElo "1547"]
[EventDate "2017.03.31"]

1.c4 c5 2.Nc3 Nf6 3.e4 d6 4.Nf3 e6 5.d4 cxd4 6.Nxd4 a6 7.Be2 Be7 8.Be3 Qc7
9.O-O O-O 10.f4 Nbd7 11.Rc1 b6 12.f5 e5 13.Nd5 Nxd5 14.cxd5 Qd8 15.Nc6 Qe8
16.Qb3 b5 17.a4 bxa4 18.Qxa4 Nc5 19.Bxc5 dxc5 20.Nxe7+ Qxe7 21.Qc6 Bd7 22.
Qxc5 Qxc5+ 23.Rxc5 Rfb8 24.Rb1 a5 25.Rc7 Ba4 26.Rbc1 Kf8 27.d6 Ke8 28.Re7+
Kf8 29.Rcc7 Rxb2 30.Rxf7+ Kg8 31.Rxg7+ Kh8 32.Rxh7+ Kg8 33.Bc4+ 1-0

[Event "Transcontinental Printanier C"]
[Site "Montreal"]
[Date "2017.04.02"]
[Round "4"]
[White "Yergeau, Simon"]
[Black "Gil Bernado, Jose"]
[Result "1-0"]
[WhiteElo "1615"]
[BlackElo "1572"]
[EventDate "2017.03.31"]

1.d4 d5 2.c4 e6 3.Nf3 b6 4.a3 Bb7 5.Nc3 a6 6.e3 Nf6 7.Bd3 Nbd7 8.O-O Bd6 
9.cxd5 exd5 10.Re1 Ne4 11.Nd2 Ndf6 12.Qc2 Bxh2+ 13.Kxh2 Ng4+ 14.Kg1 Qh4 
15.Nf3 Qe7 16.Bxe4 dxe4 17.Nh2 h5 18.d5 Qh4 19.Qxe4+ Kf8 20.Nxg4 hxg4 21.
g3 Qh2+ 22.Kf1 a5 23.a4 Rd8 24.Ke2 Ba6+ 25.Nb5 Bb7 26.Nxc7 Rd7 1-0

[Event "Transcontinental Printanier C"]
[Site "Montreal"]
[Date "2017.04.02"]
[Round "4"]
[White "Bedard, Michel"]
[Black "Tsukerman, Julia"]
[Result "1/2-1/2"]
[WhiteElo "1633"]
[BlackElo "1545"]
[EventDate "2017.03.31"]

1.f4 Nf6 2.Nf3 g6 3.b3 Bg7 4.Bb2 O-O 5.e3 d5 6.Be2 c5 7.O-O Nc6 8.Ne5 Qc7 
9.Nxc6 Qxc6 10.Qc1 b6 11.Bf3 Bb7 12.d3 Qd7 13.Nd2 Rfd8 14.c4 Rab8 15.Be5 
Rbc8 16.Rb1 dxc4 17.Bxb7 Qxb7 18.dxc4 Ne4 19.Nxe4 Qxe4 20.Bxg7 Kxg7 21.
Qb2+ Kg8 22.Rbe1 Rd3 23.Rf3 Rcd8 24.Re2 h5 25.Kf2 1/2-1/2

[Event "Transcontinental Printanier C"]
[Site "Montreal"]
[Date "2017.04.02"]
[Round "5"]
[White "Fournier, Martin"]
[Black "Bedard, Michel"]
[Result "1-0"]
[WhiteElo "1547"]
[BlackElo "1633"]
[EventDate "2017.03.31"]

1.e4 e5 2.Nf3 Nf6 3.Nxe5 d6 4.Nf3 Nxe4 5.d4 d5 6.Bd3 Be7 7.O-O O-O 8.c4 
Bg4 9.Nc3 Nxc3 10.bxc3 c6 11.Be2 Bxf3 12.Bxf3 dxc4 13.Qe2 Nd7 14.Qxc4 Nb6 
15.Qd3 Bg5 16.Qf5 Bxc1 17.Raxc1 g6 18.Qd3 Qf6 19.Rfe1 Rfe8 20.Re3 Re6 21.
Rce1 Rd8 22.Bg4 Red6 23.Re8+ Kg7 24.R8e7 h5 25.Bf3 Re6 26.R1xe6 Qxe6 27.
Rxe6 fxe6 28.Be4 g5 29.Bh7 c5 30.Qg6+ Kf8 31.Qf6+ 1-0

[Event "Transcontinental Printanier C"]
[Site "Montreal"]
[Date "2017.04.02"]
[Round "5"]
[White "Gil Bernado, Jose"]
[Black "Hebert, Mario"]
[Result "0-1"]
[WhiteElo "1572"]
[BlackElo "1568"]
[EventDate "2017.03.31"]

1.d4 Nf6 2.Nf3 e6 3.Bg5 d5 4.e3 Bd6 5.Bd3 Nbd7 6.Nbd2 c5 7.c3 h6 8.Bh4 Qc7
9.Rc1 c4 10.Bb1 b5 11.O-O Bb7 12.Qe2 Ne4 13.Nxe4 dxe4 14.Nd2 Bxh2+ 15.Kh1 
g5 16.f4 gxh4 17.Kxh2 Nf6 18.b3 Bd5 19.bxc4 bxc4 20.Bc2 h5 21.Ba4+ Ke7 22.
Rb1 Ng4+ 23.Kg1 f5 24.Rb4 a5 25.Rb5 Rhc8 26.Rc5 Qa7 27.Rb5 Rab8 28.Qe1 
Rxb5 29.Qxh4+ Kd6 30.Bxb5 Nxe3 31.Re1 Ng4 32.a4 Qg7 33.Qg3 h4 34.Qh3 e3 
35.Nf1 Rg8 36.Re2 Nf2 37.Qh2 Bxg2 38.Nxe3 Bf3+ {...} 0-1

[Event "Transcontinental Printanier C"]
[Site "Montreal"]
[Date "2017.04.02"]
[Round "5"]
[White "Tsukerman, Julia"]
[Black "Yergeau, Simon"]
[Result "1-0"]
[WhiteElo "1545"]
[BlackElo "1615"]
[EventDate "2017.03.31"]

1.e4 c6 2.d4 d5 3.exd5 cxd5 4.Bd3 Nc6 5.c3 Nf6 6.h3 e6 7.Nf3 Qc7 8.O-O Bd6
9.Re1 O-O 10.Qe2 a6 11.Nbd2 b5 12.b4 Ne7 13.Bb2 Bd7 14.Nb3 Rfb8 15.Ne5 Nc6
16.f4 Be8 17.a3 Bxe5 18.fxe5 Nd7 19.Qg4 Nf8 20.Re3 Qe7 21.h4 Ng6 22.Rh3 f5
23.exf6 Qxf6 24.Rf1 Qe7 25.h5 Nf8 26.Bc1 e5 27.Bg5 Bd7 28.Qg3 Qd6 29.Bf6 
Ne6 30.h6 Rf8 31.hxg7 Rxf6 32.Bxh7+ 1-0

[Event "Transcontinental Printanier D"]
[Site "Montreal"]
[Date "2017.03.31"]
[Round "1"]
[White "Raduica, Gheorghe"]
[Black "Poulin, Roxane"]
[Result "0-1"]
[WhiteElo "1530"]
[BlackElo "1274"]
[EventDate "2017.03.31"]

1.e4 e5 2.Nf3 Nc6 3.d4 exd4 4.Nxd4 Bc5 5.c3 Nf6 6.f3 O-O 7.Be3 Bb6 8.Bb5 
Re8 9.O-O Ne5 10.Be2 d5 11.exd5 Nxd5 12.Bf2 Nf4 13.Bg3 Nxe2+ 14.Qxe2 Nc6 
15.Qd1 Nxd4 16.Kh1 Nf5 17.Qxd8 Rxd8 18.Bf4 Ne3 19.Bxe3 Bxe3 20.Na3 Be6 21.
Nc2 Bc5 22.b4 Bb6 23.a4 Rd2 24.Na3 a5 25.b5 Rad8 26.Nb1 Rd1 27.Na3 Bb3 28.
h3 Rxf1+ 29.Rxf1 Rd1 30.Rxd1 Bxd1 0-1

[Event "Transcontinental Printanier D"]
[Site "Montreal"]
[Date "2017.03.31"]
[Round "1"]
[White "Chira, Dan"]
[Black "Tesar, Mathias"]
[Result "1-0"]
[WhiteElo "1424"]
[BlackElo "1419"]
[EventDate "2017.03.31"]

1.d4 d5 2.c4 e6 3.Nc3 Nf6 4.Bg5 Be7 5.e3 O-O 6.Bd3 b6 7.Nf3 Bb7 8.Rc1 Nbd7
9.Bf4 Ne4 10.cxd5 exd5 11.O-O c5 12.dxc5 bxc5 13.Bb1 Ndf6 14.Nb5 Nd6 15.
Nc3 Nde4 16.Re1 Bd6 17.Bxd6 Qxd6 18.Nxe4 Nxe4 19.Bxe4 Rfe8 20.Bb1 h6 21.
Qc2 Qf6 22.Qb3 Qe7 23.h3 Rac8 24.Qc2 g6 25.Nh2 h5 26.a4 c4 27.Qc3 Qg5 28.
Nf3 Qe7 29.Qd4 Bc6 30.a5 Rcd8 31.Qh4 Rb8 32.Re2 Qxh4 33.Nxh4 Bb5 34.Rd2 
Red8 35.Nf3 Kg7 36.Nd4 Rd6 37.Nxb5 Rxb5 38.e4 Rxa5 39.exd5 Raxd5 40.Rxd5 
Rxd5 41.Ba2 Rd2 42.Bxc4 Rxb2 43.Bd5 Rb5 44.Bc6 Rb6 45.Ba4 Ra6 46.Bc6 Rb6 
47.Rc5 Kf6 48.Bd5 Rd6 49.Rc6 Ke5 50.Rxd6 Kxd6 51.Bxf7 g5 1-0

[Event "Transcontinental Printanier D"]
[Site "Montreal"]
[Date "2017.03.31"]
[Round "1"]
[White "Bergeron, Jean-Guy"]
[Black "Gagnon, Philippe"]
[Result "1-0"]
[WhiteElo "1451"]
[BlackElo "1372"]
[EventDate "2017.03.31"]

1.c4 e5 2.g3 Nf6 3.Bg2 d5 4.cxd5 Nxd5 5.Nc3 Nb6 6.Nf3 Nc6 7.O-O Be7 8.b3 
Bf5 9.Bb2 Bf6 10.e4 Bg4 11.h3 Bxf3 12.Bxf3 Nd4 13.Nd5 Nxf3+ 14.Qxf3 Nxd5 
15.exd5 Qd6 16.Rfe1 O-O 17.Qe4 Rfe8 18.d4 Qd7 19.dxe5 Bxe5 20.Bxe5 f6 21.
Qc4 fxe5 22.d6+ Qf7 23.d7 Rf8 24.Qxc7 Qxf2+ 25.Kh1 Qf3+ 26.Kh2 Qf2+ 27.Kh1
Qxg3 28.Qc4+ Kh8 29.Qg4 Qxg4 30.hxg4 Kg8 31.Rxe5 Rad8 32.Rd1 Kf7 33.Rf1+ 
Kg8 34.Rd1 Kf7 35.Rf5+ Ke7 36.Re5+ Kf7 37.g5 h6 38.Rf1+ Kg8 39.Rd1 hxg5 
40.Rxg5 Rf7 41.Rgd5 g6 42.Kg2 Kg7 43.Rd6 Rf6 44.R6d5 Kf7 45.Re1 Re6 46.
Rf1+ Ke7 47.Rfd1 Re2+ 48.Kg3 Rxa2 49.Re5+ Kf7 50.Rf1+ Kg7 51.Re7+ Kh6 52.
Rff7 Rd2 53.Kg4 Rd4+ 54.Kf3 Rd5 55.Ke4 Rd1 56.Ke5 Re1+ 57.Kf6 Rf1+ 58.Ke6 
Re1+ 59.Kd6 Rd1+ 60.Kc7 {...} 1-0

[Event "Transcontinental Printanier D"]
[Site "Montreal"]
[Date "2017.04.01"]
[Round "2"]
[White "Poulin, Roxane"]
[Black "Gagnon, Philippe"]
[Result "0-1"]
[WhiteElo "1274"]
[BlackElo "1372"]
[EventDate "2017.03.31"]

1.d4 d5 2.c4 c6 3.Nc3 Nf6 4.cxd5 cxd5 5.Qc2 Nc6 6.e3 e6 7.Nf3 Be7 8.Bd3 a6
9.O-O Nb4 10.Qd1 Nxd3 11.Qxd3 O-O 12.Bd2 Bb4 13.a3 Bxc3 14.Bxc3 Bd7 15.
Rfe1 Bb5 16.Qc2 Ne4 17.Bb4 Rc8 18.Qd1 Re8 19.a4 Bd7 20.Ne5 f6 21.Nxd7 Qxd7
22.f3 Ng5 23.e4 dxe4 24.fxe4 Rc4 25.Bc5 Qc7 26.Qd3 Rxc5 27.dxc5 Qxc5+ 28.
Kh1 Nf7 29.Rac1 Qb6 30.Re2 Ne5 31.Qe3 Qb4 32.b3 Rd8 33.h3 b6 34.Qc3 Qd6 
35.Kg1 Kf8 36.Rcc2 Qd4+ 37.Qxd4 Rxd4 38.Rcd2 Rb4 39.Rb2 Nd3 40.Rb1 Nc5 41.
Re3 Nxe4 42.Rxe4 Rxe4 43.Rc1 g5 44.Rc8+ Kg7 45.Rc7+ Kg6 46.Rc6 b5 47.Rxa6 
bxa4 48.Rxa4 Re2 49.Ra6 Kf5 50.b4 Rb2 51.Rb6 h5 52.b5 g4 53.hxg4+ hxg4 54.
Kh2 Kg5 55.Rb8 Kf4 56.b6 g3+ 57.Kh3 Rb5 58.Rh8 Rxb6 59.Rh4+ Kf5 60.Kxg3 
Rb3+ 61.Kh2 e5 62.Kg1 Rb2 63.Rc4 e4 64.Rc5+ Kf4 65.Rh5 f5 66.Rh4+ Kg5 67.
Rh3 f4 68.Rh8 e3 69.Rg8+ Kf5 70.Rf8+ Ke4 71.Re8+ Kd3 72.Rd8+ Ke2 73.Rf8 
Rb1+ 74.Kh2 Rb4 75.Kg1 Ke1 76.Kh2 e2 77.Kg1 Re4 78.Rf7 Kd2 79.Rd7+ Ke3 80.
Rd3+ Kxd3 0-1

[Event "Transcontinental Printanier D"]
[Site "Montreal"]
[Date "2017.04.01"]
[Round "2"]
[White "Raduica, Gheorghe"]
[Black "Chira, Dan"]
[Result "1-0"]
[WhiteElo "1530"]
[BlackElo "1424"]
[EventDate "2017.03.31"]

1.e4 c5 2.Nf3 d6 3.Bb5+ Nc6 4.O-O Bd7 5.d4 a6 6.Bxc6 bxc6 7.dxc5 Bg4 8.
cxd6 Bxf3 9.d7+ Qxd7 10.Qxf3 e5 11.Rd1 Qe6 12.Nc3 Nf6 13.h3 Be7 14.Bg5 Rb8
15.Bxf6 Bxf6 16.Na4 O-O 17.Nc5 Qc4 18.Nd7 Be7 19.Nxb8 Rxb8 20.Qc3 Qe6 21.
Qd3 Ra8 22.Qd7 Qxd7 23.Rxd7 Kf8 24.Rad1 Ke8 25.Rb7 Rd8 26.Rxd8+ Bxd8 27.b4
a5 28.a3 axb4 29.axb4 Be7 30.c3 Bd8 31.Kf1 h5 32.Ke2 g5 33.f3 h4 34.Kd3 
Kf8 35.Rd7 Ke8 36.Rd6 c5 37.bxc5 Ke7 38.Rxd8 Kxd8 39.Kc4 Kc7 40.Kd5 Kd7 
41.Kxe5 Kc6 42.Kd4 f6 43.c4 Kd7 44.Kd5 1-0

[Event "Transcontinental Printanier D"]
[Site "Montreal"]
[Date "2017.04.01"]
[Round "3"]
[White "Chira, Dan"]
[Black "Poulin, Roxane"]
[Result "1-0"]
[WhiteElo "1424"]
[BlackElo "1274"]
[EventDate "2017.03.31"]

1.d4 d5 2.Bf4 Nf6 3.e3 e6 4.Bd3 c5 5.c3 Nc6 6.Nf3 Nh5 7.Bg3 Nxg3 8.hxg3 
Be7 9.Nbd2 O-O 10.Rxh7 cxd4 11.Nxd4 e5 12.Nxc6 bxc6 13.Qh5 g6 14.Bxg6 Be6 
15.Bf5 Qe8 16.Qg4+ 1-0

[Event "Transcontinental Printanier D"]
[Site "Montreal"]
[Date "2017.04.01"]
[Round "3"]
[White "Bergeron, Jean-Guy"]
[Black "Raduica, Gheorghe"]
[Result "1-0"]
[WhiteElo "1451"]
[BlackElo "1530"]
[EventDate "2017.03.31"]

1.c4 c5 2.Nf3 d6 3.d4 b6 4.d5 h6 5.e4 Bg4 6.Be2 Bd7 7.b3 a6 8.Bb2 b5 9.
Nbd2 e5 10.dxe6 fxe6 11.O-O Qe7 12.e5 dxe5 13.Nxe5 Qg5 14.Ndf3 Qd8 15.Qc2 
Ne7 16.Ng6 Rg8 17.Nxe7 Qxe7 18.Ne5 b4 19.Qg6+ Kd8 20.Rad1 Kc7 21.Bf3 Be8 
22.Qe4 Ra7 23.Rfe1 g5 24.Ng4 Bc6 25.Qe5+ Kc8 26.Bxc6 Nxc6 27.Qxe6+ Qxe6 
28.Rxe6 Kc7 29.Nxh6 Bxh6 30.Rxh6 Raa8 31.Rhd6 Rad8 32.Rxd8 Rxd8 33.Rxd8 
Nxd8 34.Be5+ Kd7 35.g3 Nf7 36.Bb2 Ke6 37.f3 Nd6 38.Kf2 Nf5 39.h3 Ne7 40.h4
gxh4 41.gxh4 Nf5 42.h5 Kf7 43.f4 Ng7 44.Kf3 Nf5 45.Kg4 Ne3+ 46.Kg5 Nd1 47.
Be5 Nc3 48.Kf5 Nxa2 1-0

[Event "Transcontinental Printanier D"]
[Site "Montreal"]
[Date "2017.04.01"]
[Round "3"]
[White "Gagnon, Philippe"]
[Black "Tesar, Mathias"]
[Result "0-1"]
[WhiteElo "1372"]
[BlackElo "1419"]
[EventDate "2017.03.31"]

1.e4 c5 2.c3 Nc6 3.d4 cxd4 4.cxd4 Nf6 5.e5 Nd5 6.Bc4 e6 7.Bxd5 exd5 8.Nc3 
Bb4 9.Nf3 h6 10.Bd2 Bxc3 11.Bxc3 d6 12.h3 O-O 13.O-O dxe5 14.Nxe5 Nxe5 15.
dxe5 Be6 16.Qd4 Qg5 17.Kh2 Rfc8 18.f4 Qf5 19.Rae1 Rc4 20.g4 Qc2+ 21.Qf2 
Qxf2+ 22.Rxf2 d4 23.f5 Bd5 24.Rd1 dxc3 25.bxc3 Bc6 26.Rd3 Re4 27.f6 g6 28.
Kg3 Rxe5 29.Rfd2 Rae8 30.Rd8 Re3+ 31.Kh4 Rxd8 32.Rxd8+ Re8 33.Rxe8+ Bxe8 
34.g5 h5 35.Kg3 Bc6 36.Kf4 Kf8 37.h4 Ke8 38.Ke5 Kd7 39.a3 Kc7 40.c4 b5 41.
cxb5 Bxb5 42.Kd5 Kb6 43.Kd4 Ka5 44.Kc3 Ka4 45.Kb2 Bc4 46.Kc3 Bd5 47.Kd4 
Bb3 48.Kc5 Kxa3 49.Kb5 Be6 50.Ka6 Kb4 51.Kxa7 Kc4 52.Kb6 Kd4 53.Kc6 Ke4 
54.Kc5 Kf4 55.Kd4 Kg4 56.Ke4 Bf5+ 57.Ke3 Kxh4 0-1

[Event "Transcontinental Printanier D"]
[Site "Montreal"]
[Date "2017.04.02"]
[Round "4"]
[White "Raduica, Gheorghe"]
[Black "Gagnon, Philippe"]
[Result "0-1"]
[WhiteElo "1530"]
[BlackElo "1372"]
[EventDate "2017.03.31"]

1.e4 c6 2.Nf3 d5 3.exd5 cxd5 4.d4 Nc6 5.Bb5 Bd7 6.O-O Nf6 7.c4 a6 8.Bxc6 
Bxc6 9.c5 e6 10.Nc3 Nd7 11.Re1 Be7 12.Bf4 b6 13.cxb6 Qxb6 14.Rb1 O-O 15.
Ne5 Nxe5 16.Bxe5 f6 17.Bg3 e5 18.dxe5 fxe5 19.Nxd5 Bxd5 20.Qxd5+ Kh8 21.
Qxe5 Bc5 22.Rf1 Rae8 23.Qh5 Re7 24.Qh4 Re2 25.Kh1 Rxb2 26.Rxb2 Qxb2 27.Qc4
Qb5 28.Qxb5 axb5 29.h3 h6 30.f3 Ra8 31.Bf2 Bd6 32.Rd1 Rxa2 33.Rxd6 Rxf2 
34.Kg1 Rb2 35.Kf1 b4 36.Rd1 b3 37.Rc1 Rc2 0-1

[Event "Transcontinental Printanier D"]
[Site "Montreal"]
[Date "2017.04.02"]
[Round "4"]
[White "Poulin, Roxane"]
[Black "Tesar, Mathias"]
[Result "0-1"]
[WhiteElo "1274"]
[BlackElo "1419"]
[EventDate "2017.03.31"]

1.d4 d5 2.c4 e6 3.Nf3 Nf6 4.Nc3 Be7 5.g3 b6 6.Bg2 Bb7 7.O-O O-O 8.Ne5 Nbd7
9.Qb3 c5 10.e3 dxc4 11.Qxc4 Bxg2 12.Kxg2 Nxe5 13.dxe5 Nd5 14.Rd1 Qc7 15.
Nxd5 exd5 16.Rxd5 Rad8 17.e6 Qb7 18.exf7+ Rxf7 19.e4 Rxd5 20.exd5 Bd6 21.
Be3 Qe7 22.a4 Qf6 23.Qe4 Qxb2 24.Rf1 Qf6 25.Qe8+ Rf8 26.Qe6+ Qxe6 27.dxe6 
Re8 28.Rb1 Rxe6 29.a5 bxa5 30.Rb5 a4 31.Ra5 Re7 32.Bxc5 Bxc5 33.Rxc5 Kf7 
34.Ra5 Ke6 35.Rxa4 Kd5 36.f3 Kc5 37.Kh3 Rd7 38.f4 Kb5 39.Re4 a5 40.Kg4 a4 
41.Re1 a3 42.Rb1+ Ka4 43.Rb8 Ra7 44.Rb1 a2 45.Ra1 Ka3 46.h4 Kb2 47.Rxa2+ 
Kxa2 48.Kg5 Ra6 49.f5 Rf6 50.g4 Kb3 51.Kf4 Kc4 52.Ke5 Kc5 53.g5 Rf8 54.h5 
Re8+ 55.Kf4 Kd5 56.f6 Re4+ 57.Kf5 Re5+ 58.Kf4 gxf6 59.gxf6 Ke6 0-1

[Event "Transcontinental Printanier D"]
[Site "Montreal"]
[Date "2017.04.02"]
[Round "5"]
[White "Gagnon, Philippe"]
[Black "Chira, Dan"]
[Result "0-1"]
[WhiteElo "1372"]
[BlackElo "1424"]
[EventDate "2017.03.31"]

1.e4 c5 2.c3 Nf6 3.e5 Ng8 4.d4 cxd4 5.cxd4 d6 6.Nf3 a6 7.Be2 e6 8.O-O d5 
9.Qb3 Be7 10.Nc3 f6 11.Bd2 Nc6 12.Rac1 Na5 13.Qd1 b5 14.Qe1 Nb7 15.Bd3 Bd7
16.Qe3 b4 17.Nb1 a5 18.Qf4 f5 19.Qg3 g6 20.Bg5 Kf7 21.Rc2 Kg7 22.Rfc1 Bxg5
23.Nxg5 Ne7 24.Bb5 Rc8 25.Nd2 h6 26.Bxd7 Qxd7 27.Nh3 Rxc2 28.Rxc2 Rc8 29.
Qd3 Rxc2 30.Qxc2 g5 31.Nb3 Qc6 32.Qxc6 Nxc6 33.f4 a4 34.Nc5 Nxc5 35.dxc5 
gxf4 36.Nxf4 Kf7 37.Nd3 Ke7 38.Kf2 Kf7 39.Ke3 Kg6 40.Kf4 a3 41.bxa3 bxa3 
42.Ne1 Nb4 43.Nc2 Nd3+ 44.Ke3 Nxc5 45.Nxa3 Kg5 46.Nb5 f4+ 47.Kd4 Na4 48.
Nc7 Kf5 49.Ne8 Kg6 50.Nc7 Kf5 51.Na6 h5 52.Nc5 Nxc5 53.Kxc5 Kxe5 54.a4 d4 
55.Kc4 Ke4 56.a5 d3 57.a6 d2 58.a7 d1=Q 59.a8=Q+ Qd5+ 60.Qxd5+ exd5+ 61.
Kc3 Ke3 0-1

[Event "Transcontinental Printanier D"]
[Site "Montreal"]
[Date "2017.04.02"]
[Round "5"]
[White "Tesar, Mathias"]
[Black "Raduica, Gheorghe"]
[Result "0-1"]
[WhiteElo "1419"]
[BlackElo "1530"]
[EventDate "2017.03.31"]

1.d4 d6 2.h3 Nf6 3.Nf3 h6 4.Bf4 Bf5 5.e3 a6 6.Be2 Nc6 7.O-O Nb4 8.Na3 Nbd5
9.Bh2 Be4 10.Qd2 c6 11.c4 Nc7 12.Qb4 Qc8 13.Nd2 a5 14.Qa4 Bf5 15.Bf3 g5 
16.d5 b5 17.cxb5 cxb5 18.Nxb5 Nxb5 19.Qxb5+ Qd7 20.Qd3 g4 21.Rac1 Qb7 22.
hxg4 Nxg4 23.Qd4 Rg8 24.Rc6 Bd7 25.Rb6 Qc7 26.Rb3 Bg7 27.Qd3 a4 28.Rb4 a3 
29.Qb3 axb2 30.Rd1 f5 31.Nc4 Ra7 32.Nxb2 Kf7 33.Rc4 Qa5 34.a4 Qb6 35.Nd3 
Bxa4 36.Rxa4 Qxb3 0-1

[Event "Transcontinental Printanier D"]
[Site "Montreal"]
[Date "2017.04.02"]
[Round "5"]
[White "Chira, Dan"]
[Black "Bergeron, Jean-Guy"]
[Result "1-0"]
[WhiteElo "1424"]
[BlackElo "1451"]
[EventDate "2017.03.31"]

1.d4 g6 2.Bf4 Bg7 3.e3 c5 4.Nf3 cxd4 5.exd4 Nf6 6.Nc3 O-O 7.Qc1 Re8 8.Bc4 
d5 9.Bd3 Nh5 10.Bh6 Bh8 11.Bg5 f6 12.Be3 e5 13.Be2 e4 14.Nd2 Ng7 15.Nb3 
Ne6 16.Qd2 f5 17.O-O-O Nc6 18.Rhe1 a5 19.Bb5 Nc7 20.Ba4 Rf8 21.Bh6 Rf7 22.
f3 Qh4 23.g3 Qh3 24.Rf1 Be6 25.Nc5 Nxd4 26.fxe4 fxe4 27.Rxf7 Bxf7 28.Bf4 
Nf3 29.Qf2 Be5 30.Bxe5 Nxe5 31.Nxb7 Qh6+ 32.Kb1 Nc4 33.Bb3 Ra7 34.Nc5 Ra8 
35.Bxc4 dxc4 36.Rd7 e3 37.Qf4 Qg7 38.Qxe3 Re8 39.Qxe8+ Bxe8 40.Rxg7+ Kxg7 
41.N3e4 Bc6 42.c3 Kf8 43.Kc2 Ke7 44.Kd2 a4 45.a3 Bd5 46.Ke3 Bc6 47.Kd4 Bb5
48.Ng5 h6 49.Nge4 Bc6 50.Kxc4 Bxe4 51.Nxe4 Ke6 52.Kd4 g5 53.g4 Kd7 54.Nc5+
Kd6 55.Nxa4 Ke6 56.c4 Kd6 57.b4 h5 58.gxh5 g4 59.h6 g3 60.hxg3 Na6 61.h7 
Kd7 62.h8=Q Ke7 63.Kd5 Kd7 64.Qg7+ Kc8 65.Nc5 1-0

[Event "Transcontinental Printanier D"]
[Site "Montreal"]
[Date "2017.04.02"]
[Round "5"]
[White "Bergeron, Jean-Guy"]
[Black "Poulin, Roxane"]
[Result "1-0"]
[WhiteElo "1451"]
[BlackElo "1274"]
[EventDate "2017.03.31"]

1.c4 c6 2.e4 e6 3.d4 g6 4.e5 Bg7 5.Nf3 Ne7 6.Bd3 Nf5 7.O-O O-O 8.Nc3 d6 9.
Bxf5 exf5 10.Bf4 Be6 11.d5 cxd5 12.cxd5 dxe5 13.Bxe5 f6 14.Bxb8 Bxd5 15.
Nxd5 Rxb8 16.Qb3 Rf7 17.Rad1 Bf8 18.Rfe1 Kg7 19.Nf4 Qc8 20.Ne6+ Kg8 21.Rd8
Qxd8 22.Nxd8 Rxd8 23.g3 Kg7 24.Rd1 Re8 25.Nd4 Rfe7 26.Kf1 b6 27.a4 Re5 28.
Nc6 Ra8 29.Rd7+ 1-0

[Event "Transcontinental Printanier E"]
[Site "Montreal"]
[Date "2017.03.31"]
[Round "1"]
[White "Dimov, Petre"]
[Black "Dubois, Loraine"]
[Result "1-0"]
[WhiteElo "1231"]
[BlackElo "1194"]
[EventDate "2017.03.31"]

1.e4 c6 2.Bc4 d5 3.Bb3 Nf6 4.e5 Nfd7 5.d4 e6 6.f4 c5 7.c3 cxd4 8.cxd4 Be7 
9.Nf3 Nc6 10.O-O b6 11.a3 a5 12.Nc3 Ba6 13.Rf2 O-O 14.Ng5 b5 15.Be3 b4 16.
Nb1 Nb6 17.Nxh7 Re8 18.Rf3 a4 19.Bc2 b3 20.Rh3 bxc2 21.Qh5 cxb1=Q+ 22.Rxb1
g6 23.Qh6 f5 24.Qxg6+ Kh8 1-0